00956nam a2200253 i 4500003000900000005001700009007000300026008004100029040003000070082001300100100005000113245010600163264003900269300002800308336002700336337003400363338002800397590002700425700004200452910001400494942001300508952016400521999001700685DO-SdBNP20240307082121.0ta240307s198u dr 000 j spa d aDO-SdBNPbspacBNPHUerda bM578222 aCruz Capellán, María Encarnación91176510aMes de mayo... mes de María /cMaría Encarnación Cruz Capellán ; presentación Juan F. Pepen 1aSanto Domingo :bSusaeta,c[198-]. a42 páginas, c22 cm. 2rdacontentatextobtxt 2rdamediaasin mediación bn 2rdacarrieravolumenbnc aInventariado, 2024/ YL1 aPepen, Juan F.epresentación984988 aYLockward 2ddccLF2 00102ddc51708DS-FaBNPHUbBNPHUcCTd2021-12-16eDonado por Colegio Nuestra Señora de Lourdesl0oBNPHU F-PD M578p2024-1292r2024-03-07w2024-03-07yLF2 c56052d56052